| 000 | 00634nam a2200217 i 4500 | ||
|---|---|---|---|
| 001 | 54050 | ||
| 003 | ES-MaACL | ||
| 005 | 20230906162902.0 | ||
| 007 | t| | ||
| 008 | 031124r20021936sp g ||||1| spa d | ||
| 020 | _a84-8472-055-1 | ||
| 080 | _a821.134.2-14"19" | ||
| 100 | 1 |
_aCernuda, Luis, _d1902-1963 _937529 |
|
| 245 | 1 | 3 |
_aLa realidad y el deseo / _cLuis Cernuda. |
| 250 | _a1ª ed. | ||
| 260 |
_a[Sevilla] : _bRenacimiento, _c2002. |
||
| 300 |
_a212 p. ; _c16 cm. |
||
| 534 |
_pReprod. de la ed. de: _cMadrid : Ediciones del Árbol, 1936 ( _fCruz y raya) |
||
| 852 | 4 |
_aES-MaACL _jL-26697 |
|
| 999 |
_c54050 _d54050 |
||